000 00986nmc a2200349 a 4500
003 AR-BaBNM
005 20251128204504.0
008 011101s1991 ||||||||||||||000 | spa||
020 _a950-701-065-3
040 _cAR-BaBNM
245 1 0 _aTrabajos con el vocabulario
_banálisis de rasgos semánticos
260 _aBuenos Aires
_bAique
_c1991
300 _a83 p.
_bgráfs., cuadros, diagr.
490 0 _aSerie de la palabra
650 4 _aINVESTIGACION LINGUISTICA
650 4 _aSEMANTICA
650 4 _aENSENANZA DE LA LECTURA
650 4 _aESCRITURA
650 4 _aBASES DE DATOS
650 4 _aPROCESO DE APRENDIZAJE
650 4 _aACTIVIDADES INTEGRADAS
653 _aCOMPRENSION LECTORA
653 _aESTRATEGIAS EDUCATIVAS
653 _aEDUCACION PRIMARIA
653 _aEDUCACION SECUNDARIA
700 1 _aPittelman, Susan D.
700 1 _aHeimlich, Joan E.
700 1 _aBerglund, Roberta L.
700 1 _aFrench, Michel P.
942 _cBK
998 _cGrace
999 _c7616
_d7616